000 00232nam a22000977a 4500
999 _c264743
_d264742
020 _a9781416949312
100 _aAndrew Clements
245 _aExtra credit
260 _aNew York
_bAtheneum Books for Young Readers
_c2009
942 _cBK